00574nam a2200193Ia 4500003000900000008004100009020001700050040001600067080001300083100002700096245005400123260004000177300001000217650002200227650001700249942000700266999001700273952009000290IN-BaIIA211028s9999 xx 000 0 eng d a81-7371-1240 cIIA Library a523bABH aAbhyankar, K. D914443 0aAstrophysics of the solar systemcK. D. Abhyankar aHyderabadbUniversities Pressc1999 a255p. aAstrophysics9794 aSolar System cBK c18594d18594 00104070aBANbKODcGENd2013-04-29l0o523/ ABHp19516r2021-11-05w2013-04-29yBK